| 000 | nam a22 a 4500 | ||
|---|---|---|---|
| 999 |
_c35103 _d35103 |
||
| 003 | BLK | ||
| 005 | 20220330095505.0 | ||
| 008 | 180408b bul|||||r ||||||| ||bul|| | ||
| 040 | _aBLK | ||
| 041 |
_aBUL _cBUL |
||
| 080 |
_aЕлектрохимия _b544.6 _z544.6 |
||
| 100 | 1 |
_aЛазаров, Добри Лазаров _eпърви автор _9247654 |
|
| 139 |
_aЛазаров, Добри Лазаров _bЛ 14 |
||
| 245 | 1 | 0 |
_aЕлектронът и химическите процеси _bНауч.-попул. четиво _cДобри Лазаров Лазаров. |
| 257 | _aBGR | ||
| 260 |
_bНар. просв. _c1982 _fЯмбол : Г. Димитров |
||
| 300 |
_a115 с. _bс ил. _c20 см |
||
| 380 | _a5 | ||
| 490 | 1 | _aБиблиотека за ученика | |
| 490 | 1 | _aСерия Химия | |
| 500 | _a4 105 тир. | ||
| 650 | 4 |
_aХимия - популярна литература _9274105 |
|
| 650 | 4 |
_aЕлектрохимия _9154817 |
|
| 852 |
_aЦб 115044 _bЦб |
||
| 942 |
_cKNG _n0 _01 _s1 |
||
| 944 |
_aCR _c04.01.2017 _kКина_Георгиева |
||
| 944 |
_aED _c2022-03-30 _kКети |
||
| 999 | _d35103 | ||